000 01268nam2a22002531 4500
001 RU\NLR\INFOCOMM4\1000603099
005 20250617001253.0
035 _a(NLR Aleph) 002304628
090 _a4258655
_c4258655
100 _a20041007d1986 |||y0rusy50 ca
101 0 _arus
102 _aRU
105 _ay |||||||||
200 1 _aЗарубежная медицинская лабораторная техника на 3-й международной выставке "Здравоохранение-85". Состояние и перспективы развития
_fВ.Л. Войхонский и др.
210 _d1986
_aБ. м.
461 0 _1001RU\NLR\INFOCOMM4\1000602943
_12001#$aПромышленность медицинской техники$eОбзор. информ.$fМ-во мед. пром-сти, ЦБНТИ, медпром$v1986, Вып.9
_94257270
_cМ.
_d1970-
_fМ-во мед. пром-сти, ЦБНТИ, медпром
_oОбзор. информ.
_tПромышленность медицинской техники
_v1986, Вып.9
700 1 _aВойхонский
_bВ.Л.
_4070
801 1 _aRU
_bInfoComm
_c20041007
801 0 _aRU
_bNLR
_gPSBO
852 _aNLR
_jП16/1192
942 _cISSUE
980 _aNB
980 _aRUSPER